Bình tung hiệp ảnh

Guardat en:
Dades bibliogràfiques
Autor principal: Lương, Vũ Sinh
Format: Llibre
Idioma:Undetermined
Publicat: Hà Nội Văn học 2006
Matèries:
Etiquetes: Afegir etiqueta
Sense etiquetes, Sigues el primer a etiquetar aquest registre!
Thư viện lưu trữ: Trung tâm Học liệu Trường Đại học Cần Thơ
LEADER 00503nam a2200193Ia 4500
001 CTU_113802
008 210402s9999 xx 000 0 und d
020 |c 35000 
082 |a 895.13 
082 |b S312/T.4 
100 |a Lương, Vũ Sinh 
245 0 |a Bình tung hiệp ảnh 
245 0 |c Lương Vũ Sinh 
260 |a Hà Nội 
260 |b Văn học 
260 |c 2006 
650 |a Chinese fiction 
904 |i Năm 
980 |a Trung tâm Học liệu Trường Đại học Cần Thơ